Private Initiatives in Higher Education (Record no. 2628)

MARC details
000 -LEADER
fixed length control field 00329nam a2200133Ia 4500
008 - FIXED-LENGTH DATA ELEMENTS--GENERAL INFORMATION
fixed length control field 191201s2004 xx 000 0 und d
100 ## - MAIN ENTRY--PERSONAL NAME
Personal name POWAR, K B
245 #0 - TITLE STATEMENT
Title Private Initiatives in Higher Education
250 ## - EDITION STATEMENT
Edition statement 1th
260 ## - PUBLICATION, DISTRIBUTION, ETC. (IMPRINT)
Place of publication, distribution, etc N.Delhi
Name of publisher, distributor, etc Sneh Prakashan
Date of publication, distribution, etc 2004
300 ## - PHYSICAL DESCRIPTION
Extent 283
650 ## - SUBJECT ADDED ENTRY--TOPICAL TERM
Topical term or geographic name as entry element General Books
942 ## - ADDED ENTRY ELEMENTS (KOHA)
Source of classification or shelving scheme Dewey Decimal Classification
Koha item type Text Books
Holdings
Withdrawn status Lost status Source of classification or shelving scheme Damaged status Not for loan Collection code Home library Current library Date acquired Source of acquisition Cost, normal purchase price Total Checkouts Full call number Acc. no. / Barcode Date last seen Bill Date Koha item type Public note
    Dewey Decimal Classification     GENERAL PIET C-LIBRARY PIET C-LIBRARY 07/06/2007 Sneh prakashan Yamunanagar2007-03-29 500.00   378.04 POP 5493 04/12/2019 29/03/2007 Text Books History and Culture
    Dewey Decimal Classification     GENERAL PIET C-LIBRARY PIET C-LIBRARY 07/06/2007 Sneh prakashan Yamunanagar2007-03-29 500.00   378.04 POP 5494 04/12/2019 29/03/2007 Text Books History and Culture
    Dewey Decimal Classification     GENERAL PIET C-LIBRARY PIET C-LIBRARY 07/06/2007 Sneh prakashan Yamunanagar2007-03-29 500.00   378.04 POP 5495 04/12/2019 29/03/2007 Text Books History and Culture

Design & Developed by: PIET Central Library
R70 Miles Stone Pattikalyana Samalkha Panipat 132102
mail ID :- [email protected], Phone No:- 0180-2569700 Ex.216